|
ห้องสมุด วิทยาลัยพยาบาลบรมราชชนนี อุดรธานี
Boromarajonani College of Nursing, Udonthani
|


|
mysqli: Table './ulib2015/stat_globaluid' is marked as crashed and last (automatic?) repair failed
select id from stat_globaluid where statuid='20260419082139_348'
mysqli: Table './ulib2015/stat_globaluid' is marked as crashed and last (automatic?) repair failed
DELETE FROM stat_globaluid
WHERE id NOT IN (
SELECT id
FROM (
SELECT id
FROM stat_globaluid
ORDER BY id DESC
LIMIT 100
) foo
);
mysqli: Table './ulib2015/stat_globaluid' is marked as crashed and last (automatic?) repair failed
insert into stat_globaluid set
statuid='20260419082139_348',
dt='1776561699',
phpself='/ULIB/dublinfull.php',
agent='Mozilla/5.0 AppleWebKit/537.36 (KHTML, like Gecko; compatible; ClaudeBot/1.0; +claudebot@anthropic.com)',
yea='2026',
mon='4',
dat='19',
ip='216.73.216.142'
| LEADER 00566nam 2200193 a 4500 |
| 001 8974 |
| 003 ULIBM |
| 008 100111s2540 th m a000 0 tha d |
| 024 974-88759-7-5
|
| 050 4 ^a L ^bม189ก 2540.
|
| 245 ^a ^a1111 |
| 250 ^a พิมพ์ครั้งที่ 1.
|
| 300 ^a 367 หน้า
|
| 650 7 ^a การวิเคราะห์:^bหลักการวิเคราะห์การถดถอย.
|
| 710 2 ^a มยุรี ศรีชัย.
|
| 945 ^p0^l0^i11255
|
| 945 ^p0^l0^i11257 |
| 999 ^aลิขิตลักษณ์
|
| คุณยังไม่ได้ล็อกอิน คุณสามารถมีกิจกรรมร่วมกับเว็บไซต์ได้ แต่ต้องล็อกอินก่อน :: |
|
| ลำดับที่ |
ประเภท |
เลขเรียก/บาร์โค้ด |
สถานที่ |
สถานะ |
| 1. |
 หนังสือภาษาไทย | L ม189ก 2540. ฉ.2 Barcode: 11257 | หนังสือทั่วไป | On Shelf |
| [แสดง 1/1 รายการ] |
mysqli: Can't create/write to file '/var/tmp/#sql_59d_0.MAI' (Errcode: 2)
select * from index_db where titl like '%การวิเคราะห์การถดถอย : Regression Analysis/ มยุรี ศรีชัย.%' and mid<>'8974' order by rand() limit 3
mysqli: Can't create/write to file '/var/tmp/#sql_59d_0.MAI' (Errcode: 2)
select * from index_db where subj like '%การวิเคราะห์: หลักการวิเคราะห์การถดถอย.%' and mid<>'8974' order by rand() limit 3
|
ยังไม่เคยถูกคอมเมนท์
|
| คอมเมนท์ทรัพยากรรายการนี้ |
|